Seguridad y salud laboral : en la construcción /
Obra en la que se analiza y comenta la normativa en vigor de la seguridad y salud laboral desde varias perspectivas y con especial énfasis en el medio de la construcción. Se acumulan más de 1200 sentencias seleccionadas en los ámbitos de la responsabilidad civil, penal, laboral y administrativa. Inc...
Bewaard in:
| Hoofdauteur: | |
|---|---|
| Formaat: | Elektronisch |
| Taal: | Spaans |
| Gepubliceerd in: |
Pamplona, España :
DAPP,
2004, c2004
|
| Onderwerpen: | |
| Tags: |
Geen labels, Wees de eerste die dit record labelt!
|
MARC
| LEADER | 00000nmm^a2200000^a^4500 | ||
|---|---|---|---|
| 001 | 000181245 | ||
| 005 | 20250521000000.0 | ||
| 009 | 20260310101925.925 | ||
| 020 | |a 84-96164-14-4 | ||
| 037 | |a Acervo ITESO - Biblioteca | ||
| 041 | |a ESP | ||
| 082 | |a 344. 4601 |b TOL | ||
| 100 | |a Tolosa Tribiño, César |e (autor) | ||
| 245 | 1 | 0 | |a Seguridad y salud laboral : |b en la construcción / |c C. Tolosa Tribiño. |
| 264 | 4 | |a Pamplona, España : |b DAPP, |c 2004, c2004 | |
| 300 | |a 1 disco compacto de computadora | ||
| 336 | |a datos para computadora |b cod |2 rdacontenido | ||
| 337 | |a computadora |b c |2 rdamedio | ||
| 338 | |a disco de computadora |b cd |2 rdasoporte | ||
| 520 | |a Obra en la que se analiza y comenta la normativa en vigor de la seguridad y salud laboral desde varias perspectivas y con especial énfasis en el medio de la construcción. Se acumulan más de 1200 sentencias seleccionadas en los ámbitos de la responsabilidad civil, penal, laboral y administrativa. Incluye estudios sobre seguridad y salud para diferentes tipos de construcciones e instalaciones dentro de la nueva regulación española Ley 54/2003, del 13 de diciembre, de la Ley de Prevención de Riesgos Laborales. | ||
| 649 | |a XX | ||
| 650 | |a Industria de la Construcción - |z España - |x Aspectos Jurídicos | ||
| 650 | |a Riesgos y Accidentes Laborales - |z España - |x Aspectos Jurídicos | ||
| 650 | |a Seguridad Industrial - |z España - |x Aspectos Jurídicos | ||
| 650 | |a Jurisprudencia - |z España | ||
| 650 | |a Derecho Constitucional - |z España | ||
| 650 | |a Derecho Laboral - |z España | ||
| 650 | |a Derecho Público - |z España | ||
| 910 | |a Fondo General | ||
| 920 | |a Electrónicos - Recursos en Disco | ||
| 905 | |a 207 | ||
| 901 | |a SFW0001216 |b IT2 |c SWS |u 20250521 | ||
| 902 | |a https://opac.biblio.iteso.mx/vufind/Record/000181245 | ||